Online
Catalog

Don Fray Juan de Zumárraga, primer obispo y arzobispo de México / (Record no. 36003)

MARC details
000 -CABECERA
campo de control de longitud fija 00765nam a2200205 a 4500
001 - NÚMERO DE CONTROL
campo de control 000036512
005 - FECHA Y HORA DE LA ÚLTIMA TRANSACCIÓN
campo de control 20200930075755.0
008 - DATOS DE LONGITUD FIJA--INFORMACIÓN GENERAL
campo de control de longitud fija 120119s1947 mx 000 0 spa d
040 ## - FUENTE DE LA CATALOGACIÓN
Centro catalogador/agencia de origen DO-SdBNP
Lengua de catalogación spa
Centro/agencia transcriptor BNPHU
082 ## - NÚMERO DE LA CLASIFICACIÓN DECIMAL DEWEY
Número de clasificación xxx
Número de documento/Ítem Z94G
100 1# - ENTRADA PRINCIPAL--NOMBRE DE PERSONA
Nombre de persona García Icazbalceta, Joaquín,
Fechas asociadas al nombre 1825-1894.
9 (RLIN) 62756
245 10 - MENCIÓN DE TÍTULO
Título Don Fray Juan de Zumárraga, primer obispo y arzobispo de México /
Mención de responsabilidad, etc. Joaquín García Icazbalceta; edición de Rafael Aguayo Spencer y Antonio Castro Leal.
260 ## - PUBLICACIÓN, DISTRIBUCIÓN, ETC.
Lugar de publicación, distribución, etc. México :
Nombre del editor, distribuidor, etc. Porrúa,
Fecha de publicación, distribución, etc. 1947.
300 ## - DESCRIPCIÓN FÍSICA
Extensión v. ;
Dimensiones 20 cm.
490 1# - MENCIÓN DE SERIE
Mención de serie Escritores mexicanos
Designación de volumen o secuencia 44
500 ## - NOTA GENERAL
Nota general La biblioteca posee el v. 4
700 1# - PUNTO DE ACCESO ADICIONAL--NOMBRE DE PERSONA
Nombre de persona Aguayo Spencer, Rafael
Término indicativo de función/relación ed.
9 (RLIN) 62757
700 1# - PUNTO DE ACCESO ADICIONAL--NOMBRE DE PERSONA
Nombre de persona Castro Leal, Antonio
Término indicativo de función/relación ed.
9 (RLIN) 9717
830 #0 - PUNTO DE ACCESO ADICIONAL DE SERIE-TÍTULO UNIFORME
Título uniforme Escritores mexicanos;
Designación de volumen o secuencia 44
9 (RLIN) 62758
Holdings
Estado de retiro Estado de pérdida Restricciones de uso No para préstamo Código de colección Localización permanente Ubicación/localización actual Ubicación en estantería Fecha de adquisición Número de inventario Total de préstamos Signatura topográfica completa Código de barras Fecha visto por última vez Precio válido a partir de Tipo de ítem Koha
      Excluido de préstamo Monografías: Libros y Folletos General General En catalogación 19.01.2012 LF1   xxx Z94G 36513-10 25.06.2020 25.06.2020 No se presta

Powered by Koha